LEADER 00847nam a2200205 i 4500 001 000000065391 003 CaOOAMICUS 005 20210520115113.0 008 130522s1693 xx u000 u und u 013 $a36563 026 $ae.en l.s. o-ui gepa (3) 1693 (R) 040 $aSeMil$bita 245 10$aTome 1. 300 $a[8], 1036 p. 500 $aSegn. : ã6 A-Z8 Aa-Zz8 Aaa-Ttt8 Vuu2. 773 0 $aThomassin, Louis <1619-1695>$tMethode d'étudier et d'enseigner la grammaire, ou les langues, par rapport a l'Ecriture Sainte en les reduisant toutes à l'Hebreu ... par le P.L. Thomassin, prestre de l'Oratoire.$dA Paris : Chez Louis Roulland, 1693.$g1$w()28557 850 $aSeMil 852 $aSeMil$W1$xVenegono$y1$m2N I 7 FA$j31544$B31544$CSeMilBibl$Z2$F31547 $8I 996 $6245$aTome 1$9(OLS)http://semarc/title/1447 LEADER 01271nam a2200301 i 4500 001 000000100840 003 CaOOAMICUS 005 20180830171913.0 008 180830s1995 xx u000 u und u 013 $a72992 020 $a88-18-70099-5 040 $aSeMil$bita 100 0 $aPorphyrius,$d<233-305 ca.>.$0(OLS)http://semarc/name/11322 245 10$aIsagoge. Versione latina di Severino Boezio in appendice. 260 $aMilano :$bRusconi,$c1995. 300 $a212 p. 490 0 $aTesti a fronte ;$v15 650 4$aLogica - Filosofia.$0(OLS)http://semarc/subject/2012 650 4$aMetafisica.$0(OLS)http://semarc/subject/188 650 4$aEnte - Filosofia.$0(OLS)http://semarc/subject/13564 650 4$aEssenza - Filosofia.$0(OLS)http://semarc/subject/13565 700 1 $aGirgenti, Giuseppe,$d<1967- >.$0(OLS)http://semarc/name/317 830 0$aTesti a fronte ;$v15.$0(OLS)http://semarc/title/593 850 $aSeMil 852 $aSeMil$W1$xVenegono$y1$m72 22 15 *$j57859$B57859$CSeMilBibl$Z2$F68351 $81 996 $6020$a88-18-70099-5$9(OLS)http://semarc/number/80648 996 $6245$aIsagoge. Versione latina di Severino Boezio in appendice$9(OLS)http://semarc/title/147915 996 $6260$aMilano :$bRusconi$9(OLS)http://semarc/publisher/30258